000 00735nam a2200217Ii 4500
003 JO-AjNU
008 230605s9999||||xx |||||||||||||| ||und||
017 _a1997/8/1083
040 _aJO-AjNU
_bara
_erda
_cJO-AjNU
041 _aara
050 1 4 _aKMM51.2.T3564.1998
100 3 _a التكروري، عثمان ,
_eauthor
_946822
245 0 0 _aشرح قانون الأحوال الشخصية الأردني
250 _aط1
264 3 1 _aعمان : مكتبة دار الثقافة ، 1998
300 _a363ص
336 _atext
_btxt
_2rdacontent
337 _aunmediated
_bn
_2rdamedia
338 _avolume
_bnc
_2rdacarrier
650 4 _aالعلوم الاجتماعية -- قانون الاحوال الشخصية
_946823
999 _aA20397
_c23965
_d23965